Grand Slam Sieger im Tennis (Herren) - Statistiken

Allgemein
  • Dieses Quiz wurde 137 mal gespielt
  • Das Durchschnittsergebnis liegt bei 21 aus 56
Antwortstatistiken
Anzahl der Grand Slam Titel Spieler % Korrekt
24. N. Djokovic
100%
20. R. Federer
98%
22. R. Nadal
98%
6. B. Becker
91%
4. C. Alcaraz
87%
3. J. Sinner
82%
3. A. Murray
79%
8. A. Agassi
77%
14. P. Sampras
77%
7. J. McEnroe
75%
11. B. Borg
74%
1. D. Thiem
66%
1. D. Medvedev
65%
3. S. Wawrinka
62%
8. I. Lendl
57%
1. M. Stich
56%
5. R. Laver
50%
6. S. Edberg
47%
7. M. Wilander
45%
8. J. Connors
42%
1. J. M. del Potro
40%
1. T. Muster
39%
1. M. Cilic
36%
1. A. Roddick
35%
1. M. Chang
34%
3. G. Kuerten
32%
1. J. C. Ferrero
32%
1. G. Ivanisevic
31%
4. J. Courier
31%
2. L. Hewitt
30%
2. M. Safin
28%
3. A. Ashe
26%
2. P. Rafter
24%
1. Y. Noah
20%
2. J. Kafelnikov
19%
2. I. Nastase
16%
2. S. Smith
14%
5. J. Newcombe
13%
4. G. Vilas
12%
1. P. Cash
12%
1. A. Gomez
11%
1. R. Krajicek
11%
1. T. Johansson
11%
1. A. Costa
9%
1. G. Gaudio
9%
2. S. Bruguera
8%
2. J. Kriek
6%
4. K. Rosewall
6%
1. B. Teacher
5%
1. M. Orantes
5%
1. R. Tanner
5%
1. V. Gerulaitis
5%
1. A. Panatta
4%
3. J. Kodes
4%
1. M. Edmondson
4%
1. A. Gimeno
3%
Keine übereinstimmenden Quizze gefunden
Verteilung der Resultate
Anzahl Personen mit jedem Resultat
Perzentil nach korrekt beantworteten Fragen
Ihre Resultats-Entwicklung
Sie haben dieses Quiz noch nicht gespielt